000 00671nam a22002297a 4500
003 OSt
005 20140310181923.0
008 130719t xxu||||| |||| 00| 0 eng d
020 _a9780077193874
050 _aPE 1128
_b.M153 2008
082 _aTR 808.42
_bM45-te4 2008
100 _aMackay, Susannah
_91964
245 _aExcellent English 4 :
_bLanguage skills for success - Teacher's Edition /
_cSusannah Mackay.
260 _aNew York :
_bMcGraw Hill,
_cc2008.
300 _a411 p. :
_c27 cm.
500 _aw/ audio CD
521 _aFaculty
541 _j1
562 _e1
650 _aEnglish language
_xGrammar.
_92000
942 _2lcc
_cBK-TR
_kTR
999 _c7088
_d7088